000
00247 a2200085 4500
020
_a
9788179934579
100
_a
Aishwarya Tipnis
245
_a
Vernacular Traditions: contemporary architecture
260
_b
The Energy and Resources Institute, TERI
_c
2012
999
_c
13394
_d
13394